450 Pensadores da Filosofia e das Ciências Sociais - Statistics

Estatísticas Gerais
  • Esse quiz foi jogado 103 vezes
    30 desde o último reset
  • A pontuação média é 37 de 491
Estatísticas das Respostas
Obra Autor % Correto
"Só Sei que Nada Sei" (V a.C) Sócrates
100%
Ética a Nicômaco (IV a.C) Aristóteles
88%
A República (V a.C) Platão
88%
A Ideologia Alemã (1846) Karl Marx
82%
Crítica da Razão Pura (1781) Immanuel Kant
76%
Assim Falou Zaratustra (1885) Friedrich Nietzsche
71%
O Príncipe (1513) Nicolau Maquiavel
65%
Discurso do Método (1637) René Descartes
65%
A Ideologia Alemã (1846) Friedrich Engels
59%
Suma Teológica (1275) São Tomás de Aquino
59%
A Interpretação dos Sonhos (1900) Sigmund Freud
59%
Teorema de Tales (VI a.C) Tales de Mileto
59%
O Leviatã (1651) Thomas Hobbes
59%
Fenomenologia do Espírito (1807) Georg Willhelm Friedrich Hegel
53%
O Ser e o Nada (1943) Jean-Paul Sartre
53%
Ensaio acerca do Entendimento Humano (1690) John Locke
53%
O Estrangeiro (1942) Albert Camus
47%
O Mundo como Vontade e Representação (1819) Arthur Schopenhauer
47%
O Contrato Social (1762) Jean-Jacques Rousseau
47%
A Ética Protestante e o Espírito do Capitalismo (1905) Max Weber
47%
A Arte da Guerra (VI a.C) Sun Tzu
47%
Materialismo e Empirocriticismo (1909) Vladimir Lênin
47%
Sociedade do Cansaço (2010) Byung Chul Han
41%
95 Teses (1517) Martinho Lutero
41%
Vigiar e Punir: História da Prisão (1975) Michel Foucault
41%
O Novo Negro: Uma Interpretação (1925) Alain Locke
35%
As Formas Elementares da Vida Religiosa (1912) Émile Durkheim
35%
O Materialismo Dialético e o Materialismo Histórico (1938) Josef Stálin
35%
Meditações (II d.C) Marco Aurélio
35%
A Pedagogia do Oprimido (1968) Paulo Freire
35%
Confissões (III d.C) Santo Agostinho de Hipona
35%
Cartas a Lucílio (I d.C) Sêneca
35%
O Segundo Sexo (1949) Simone de Beauvoir
35%
Utopia (1516) Thomas More
35%
Teoria dos Sentimentos Morais (1759) Adam Smith
29%
A Origem das Espécies (1859) Charles Darwin
29%
Analectos (VI a.C) Confúcio
29%
O Elogio da Loucura (1511) Erasmo de Roterdã
29%
Novum Organum (1620) Francis Bacon
29%
Deus e o Estado (1871) Mikhail Bakunin
29%
Desfuturizando: Uma Nova Filosofia do Design (2020) Tony Fry
29%
Cândido, ou Otimismo (1759) Voltaire
29%
Modernidade Líquida (2000) Zygmunt Bauman
29%
Mulheres, Raça e Classe (1981) Angela Davis
24%
Destruição da Destruição (~1200) Averróis
24%
A Cura (1027) Avicena
24%
Ética Demonstrada Segundo a Ordem Geométrica (1677) Baruch Espinosa
24%
Um Tratado da Natureza Humana (1739) David Hume
24%
As Veias Abertas da América Latina (1971) Eduardo Galeano
24%
Teodiceia (1710) Gottfried Leibniz
24%
Princípios Matemáticos da Filosofia Natural (1687) Isaac Newton
24%
Sobre a Liberdade (1859) John Stuart Mill
24%
A Revolução Permanente (1930) Leon Trótsky
24%
Tractatus Logico-Philosophicus (1921) Ludwig Wittgenstein
24%
O Espírito das Leis (1748) Montesquieu
24%
Teorema de Pitágoras (VI a.C) Pitágoras de Samos
24%
Opus Majus (1267) Roger Bacon
24%
Novo Cristianismo (1825) Saint-Simon
24%
Dhammapada (VI a.C) Sidarta Gautama
24%
Pneuma Apeirón (VI a.C) Anaxímenes de Mileto
18%
A Revolta de Atlas (1957) Ayn Rand
18%
Memórias, Sonhos, Reflexões (1961) Carl Jung
18%
O Povo Brasileiro: A Formação e o Sentido do Brasil (1995) Darcy Ribeiro
18%
Lugar de Fala (2019) Djamila Ribeiro
18%
Manual (I d.C) Epicteto
18%
Carta a Meneceu (III a.C) Epicuro de Samos
18%
Um Tratado sobre os Princípios do Conhecimento Humano (1710) George Berkeley
18%
Diferença e Repetição (1968) Gilles Deleuze
18%
Suma Lógica (1323) Guilherme de Ockham
18%
A Condição Humana (1958) Hannah Arendt
18%
Teoria Pura do Direito (1934) Hans Kelsen
18%
Sobre a Natureza (V a.C) Heráclito de Éfeso
18%
Análise dos Fenômenos da Mente Humana (1829) James Mill
18%
Uma Teoria da Justiça (1971) John Rawls
18%
A Sociedade Aberta e seus Inimigos (1945) Karl Popper
18%
Livro do Caminho e da Virtude (VI a.C) Lao-Tsé
18%
Ser e Tempo (1927) Martin Heidegger
18%
A Distinção: Crítica Social do Julgamento (1979) Pierre Bourdieu
18%
As Enéadas (II d.C) Plotino
18%
Raízes do Brasil (1936) Sérgio Buarque de Holanda
18%
Ou Isso, ou Aquilo (1843) Soren Kierkegaard
18%
A Arte do Amor (IV a.C) Zenão de Cítio
18%
Paradoxos de Zenão (V a.C) Zenão de Eleia
18%
Necropolítica (2011) Achille Mbembe
12%
Futuro Ancestral (2022) Ailton Krenak
12%
Sobre a Natureza (VI a.C) Anaximandro de Mileto
12%
História da Filosofia Ocidental (1945) Bertrand Russell
12%
Pensamentos (1670) Blaise Pascal
12%
O Perigo de Uma História Única (2019) Chimamanda Adichie
12%
O Pensamento Selvagem (1962) Claude Lévi-Strauss
12%
O Livro da Cidade das Senhoras (1405) Cristina de Pisano
12%
Enciclopédia (1751) Denis Diderot
12%
Diálogo Sobre os Dois Principais Sistemas do Mundo (1632) Galileu Galilei
12%
Casa Grande & Senzala (1933) Gilberto Freyre
12%
Sobre o Infinito, o Universo e os Mundos (1584) Giordano Bruno
12%
História e Consciência de Classe (1923) Gyorg Lukács
12%
Gramatologia (1967) Jacques Derrida
12%
A Elite do Atraso (2017) Jessé de Souza
12%
Institutas da Religião Cristã (1536) João Calvino
12%
Democracia e Educação (1916) John Dewey
12%
A Rebelião das Massas (1930) José Ortega y Gasset
12%
Teoria da Ação Comunicativa (1981) Jurgen Habermas
12%
Mapeando as Margens: Interseccionalidade, Políticas de Identidade e Violência contra Mulheres de Cor (1991) Kimberlé Crenshaw
12%
Dialética do Esclarecimento (1947) Max Horkheimer
12%
Os Ensaios (1580) Michel de Montaigne
12%
No Caminho da Verdade (VI a.C) Parmênides de Eleia
12%
Filosofia da Miséria (1849) Pierre-Joseph Proudhon
12%
Acatalepsia (IV a.C) Pirro de Élis
12%
Reforma ou Revolução? (1900) Rosa Luxemburgo
12%
Proslogion (1077) Santo Anselmo de Cantuária
12%
Dispositivo de Racialidade (2023) Sueli Carneiro
12%
Dialética do Esclarecimento (1947) Theodor Adorno
12%
O Nome da Rosa (1980) Umberto Eco
12%
"Tudo é o Um e o Um é Deus" (VI a.C) Xenófanes de Cólofon
12%
A Democracia na América (1835) Alexis de Tocqueville
6%
O Mito do Século XX (1930) Alfred Rosenberg
6%
A Incoerência dos Filósofos (XI d.C) Algazali
6%
Da Natureza (V a.C) Anaxágoras de Clazômenas
6%
Arquelau (V a.C) Antístenes
6%
Literatura e Sociedade (1995) Antonio Cândido
6%
Cadernos do Cárcere (1925-1935) Antonio Gramsci
6%
Sobre os Tamanhos e Distâncias do Sol e da Lua (III a.C) Aristarco de Samos
6%
Curso de Filosofia Positiva (1830) Auguste Comte
6%
Único Modo de Atrair Todos os Povos à Verdadeira Religião (1537) Bartolomeu de Las Casas
6%
O Olhar Negro (1992) Bel Hooks
6%
Da Liberdade dos Antigos Comparada à dos Modernos (1819) Benjamin Constant
6%
A Consolação da Filosofia (V d.C) Boécio
6%
Argonautas do Pacífico Ocidental (1922) Bronislaw Malinowski
6%
Da Guerra (1832) Carl von Clausewitz
6%
Sobre os Deveres (I a.C) Cícero
6%
Ética e Vergonha na Cara (2014) Clóvis de Barros Filho
6%
A Vida de Jesus Examinada Criticamente (1835) David Strauss
6%
A Pequena Ordem do Mundo (V a.C) Demócrito de Abdera
6%
Da Natureza do Homem (V a.C) Diógenes de Apolônia
6%
Politeia (V a.C) Diógenes de Sinope
6%
Reflexões sobre a Revolução na França (1790) Edmund Burke
6%
Investigações Lógicas (1900) Edmund Husserl
6%
Purificações (V a.C) Empédocles
6%
O Medo à Liberdade (1941) Erich Fromm
6%
Teoria Marxista do Estado (1972) Ernest Mandel
6%
A Revolução Burguesa (1974) Florestan Fernandes
6%
Sobre o Poder Civil (1532) Francisco de Vitória
6%
O Populismo na Política Brasileira (1978) Francisco Weffort
6%
O Fim da História e o Último Homem (1992) Francis Fukuyama
6%
Os Condenados da Terra (1961) Frantz Fanon
6%
O Novo Espírito Científico (1934) Gaston Bachelard
6%
Principia Ethica (1903) George Edward Moore
6%
Oração sobre a Dignidade do Homem (1486) Giovanni Mirandola
6%
Escrita Conceitual (1879) Gottlob Frege
6%
O Direito à Cidade (1968) Henri LeFebvre
6%
Eros e Civilização (1955) Herbert Marcuse
6%
O Indivíduo contra o Estado (1884) Herbert Spencer
6%
Sociedade sem Escolas (1971) Ivan Illich
6%
Escritos (1966) Jacques Lacan
6%
História e Memória (1988) Jacques Le Goff
6%
Uma Introdução aos Princípios da Moral e da Legislação (1789) Jeremy Bentham
6%
Homo Ludens (1938) Johan Huizinga
6%
Astronomia Nova (1609) Johannes Kepler
6%
Problemas de Gênero: Feminismo e a Subversão da Identidade (1990) Judith Butler
6%
A Revolta Contra o Mundo Moderno (1934) Julius Evola
6%
Sobre a Ideia Juche (1982) Kim Jong-Il
6%
O Dilema do Porco-Espinho (2018) Leandro Karnal
6%
Introdução ao Fascismo (1977) Leandro Konder
6%
Lugar de Negro (1982) Lélia Gonzalez
6%
A Grande Ordem do Mundo (V a.C) Leucipo de Abdera
6%
Sociedade Antiga (1877) Lewis Henry Morgan
6%
Sobre a Natureza das Coisas (I d.C) Lucrécio
6%
A Essência do Cristianismo (1841) Ludwig Feuerbach
6%
Contra um Mundo Melhor (2010) Luiz Felipe Pondé
6%
Sobre a Contradição (1937) Mao Tsé-Tung
6%
Ensaio Sobre a Dádiva (1925) Marcel Mauss
6%
Um Fascista no Divã (2021) Márcia Tiburi
6%
Rumo a um Feminismo Decolonial (2014) María Lugones
6%
Convite à Filosofia (1994) Marilena Chauí
6%
Qual é a Tua Obra? (2007) Mário Sérgio Cortella
6%
Teologia Platônica (1474) Marsílio Ficino
6%
Teoria Tridimensional do Direito (1968) Miguel Reale
6%
Capitalismo Canibal (2023) Nancy Fraser
6%
A Busca da Verdade (1675) Nicolas Malebranche
6%
A Douta Ignorância (1440) Nicolau da Cusa
6%
Estruturas Sintáticas (1957) Noam Chomsky
6%
A Era dos Direitos (1989) Noberto Bobbio
6%
O Processo Civilizador (1939) Norbert Elias
6%
O Imbecil Coletivo (1996) Olavo de Carvalho
6%
Historia Calamitatum (1132) Pedro Abelardo
6%
A Quarta Humanidade (1934) Plínio Salgado
6%
"O Homem é a Medida de Todas as Coisas" (V a.C) Protágoras de Abdera
6%
Almagesto (II d.C) Ptolomeu
6%
O Químico Cético (1661) Robert Boyle
6%
Uma Nova Visão da Sociedade (1813) Robert Owen
6%
O Calibã e a Bruxa (2004) Silvia Federici
6%
A Estrutura das Revoluções Científicas (1962) Thomas Kuhn
6%
Passagens (1940) Walter Benjamin
6%
As Almas da Gente Negra (1903) W.E.B. Du Bois
6%
Princípios de Psicologia (1890) William James
6%
Anábase (IV a.C) Xenofonte
6%
Avesta (VII a.C) Zoroastro
6%
O Quilombismo (1980) Abdias do Nascimento
0%
Uma Teoria da Motivação Humana (1943) Abraham Maslow
0%
O Cotidiano e a História (1977) Agnes Heller
0%
Discurso sobre o Colonialismo (1950) Aimé Cesaire
0%
O Ser e o Evento (1988) Alain Badiou
0%
Nova Direita (1977) Alain de Benoist
0%
Máquinas de Computação e Inteligência (1950) Alan Turing
0%
Os Três Livros sobre o Direito da Guerra (1589) Alberico Gentili
0%
Quarta Teoria Política (2009) Alexander Dugin
0%
A Nova Mulher e a Moral Sexual (1918) Alexandra Kollontai
0%
Do Mundo Fechado ao Universo Infinito (1957) Alexandre Koyré
0%
Epístolas Sobre as Opiniões do Povo (VIII d.C) Alfarábi
0%
Processo e Realidade (1929) Alfred North Whitehead
0%
Dialética da Colonização (1992) Alfredo Bosi
0%
O Conceito de Verdade nas Linguagens Formalizadas (1933) Alfred Tarski
0%
Estado e Forma Política (2013) Alysson Leandro Mascaro
0%
A Arma da Teoria (1966) Amílcar Cabral
0%
"Fundação da Escola Neoplatônica" - Sem obra publicada (II d.C) Amônio Sacas
0%
Socialismo e Religião (1908) Anatoly Lunacharsky
0%
Sobre os Reis (IV a.C) Anaxarco
0%
Manifesto Surrealista (1924) André Breton
0%
O Espírito do Ateísmo (2006) André Comte-Sponville
0%
Os Sentidos do Lulismo (2012) André Singer
0%
Colonialidade do Poder, Eurocentrismo e América Latina (2005) Aníbal Quijano
0%
Aspectos Americanos de Educação (1928) Anísio Teixeira
0%
Sobre a Verdade (V a.C) Antifonte
0%
Ensaios sobre a Concepção Materialista da História (1897) Antonio Labriola
0%
Império (2000) Antonio Negri
0%
Os Conselhos Operários (1947) Anton Pannekoek
0%
As Cônicas (II a.C) Apolônio de Perga
0%
Da Esfera e do Cilindro (III a.C) Arquimedes
0%
Problemas Mecânicos (V a.C) Arquitas de Tarento
0%
Designs para o Pluriverso (2018) Arturo Escobar
0%
A Mulher e o Socialismo (1879) August Bebel
0%
Luta por Reconhecimento: A Gramática Moral dos Conflitos Sociais (2003) Axel Honneth
0%
Sistema da Natureza (1770) Barão d'Holbach
0%
Por Uma História do Homem Negro (1974) Beatriz Nascimento
0%
Filosofia do Espírito (1917) Benedetto Croce
0%
A Filosofia do Certo e do Errado (1881) Benjamin Tucker
0%
Teatro Humano Universal (1726) Bento Jerónimo Feijoo
0%
A Fábula das Abelhas (1714) Bernard Mandeville
0%
O Comportamento dos Organismos (1938) B.F. Skinner
0%
O Fim do Império Cognitivo (2018) Boaventura de Sousa Santos
0%
O Futuro do Estado Capitalista (2002) Bob Jessop
0%
Crítica da História Evangélica dos Sinópticos (1841) Bruno Bauer
0%
Jamais Fomos Modernos (1991) Bruno Latour
0%
A Democracia como Valor Universal (1984) Carlos Nelson Coutinho
0%
Teologia Política: Quatro Capítulos sobre o Conceito de Soberania (1922) Carl Schmitt
0%
Rumo a uma Teoria Feminista do Estado (1989) Catharine McKinnon
0%
Pedagogias Decoloniais (2013) Catherine Walsh
0%
O Paradoxo Democrático (2000) Chantal Mouffe
0%
O Destino Social do Homem (1808) Charles Fourier
0%
Sobre a Álgebra da Lógica (1885) Charles Sanders Peirce
0%
Mal-Estar, Sofrimento e Sintoma (2015) Christian Dunker
0%
Ontologia Latina (1730) Chrstian Wolff
0%
A Questão Feminina e a Luta de Classes (1899) Clara Zetkin
0%
Do Espírito (1758) Claude-Adrien Helvétius
0%
Capitalismo Desorganizado (1985) Claus Offe
0%
Dialética Radical do Brasil Negro (1994) Clóvis Moura
0%
Esboço de um Quadro Histórico dos Progressos do Espírito Humano (1795) Condorcet
0%
A Aposta Melancólica (1997) Daniel Bensaïd
0%
Trabalhos de Merda (2018) David Graeber
0%
Observações sobre o Homem, Sua Estrutura, Seu Dever e Suas Expectativas (1749) David Hartley
0%
Sobre a Pluralidade das Palavras (1986) David Lewis
0%
A Queda do Céu (2010) Davi Kopenawa
0%
Escola e Democracia (1983) Dermeval Saviani
0%
Contra-História do Liberalismo (2005) Domenico Losurdo
0%
Um Manifesto Ciborgue (1985) Donna Haraway
0%
Ser Finito e Ser Eterno (1936) Edith Stein
0%
Socialismo Evolucionário (1899) Eduard Bernstein
0%
Como as Florestas Pensam: Para uma Antropologia Além do Humano (2013) Eduardo Kohn
0%
A Inconstância da Alma Selvagem (2002) Eduardo Viveiros de Castro
0%
Cultura Primitiva (1871) Edward B. Tylor
0%
Orientalismo (1978) Edward Said
0%
Inteligência Animal (1898) Edward Thorndike
0%
As Armas da Crítica (2012) Emir Sader
0%
Anarquismo e Outros Ensaios (1910) Emma Goldman
0%
Totalidade e Infinito (1961) Emmanuel Lévinas
0%
Para uma Ética da Libertação Latino-Americana (1973) Enrique Dussel
0%
A Formação da Classe Trabalhadora Inglesa (1963) E.P. Thompson
0%
Geográfica (III a.C) Eratóstenes de Cirene
0%
Infância e Sociedade (1950) Erik Erikson
0%
A Razão Populista (2005) Ernesto Laclau
0%
O Princípio Esperança (1959) Ernst Bloch
0%
A Filosofia das Formas Simbólicas (1923~1929) Ernst Cassirer
0%
A Anarquia (1891) Errico Malatesta
0%
Sobre a Divisão da Natureza (867) Escoto Erígena
0%
Geografia (I a.C) Estrabão
0%
Raça, Nação, Classe: Identidades Ambíguas (1991) Étienne Balibar
0%
Tratado sobre as Sensações (1754) Étienne de Condillac
0%
Discurso sobre a Servidão Voluntária (1548) Étienne de la Boétie
0%
Os Elementos (III a.C) Euclides
0%
Fenômenos (IV a.C) Eudoxo de Cnido
0%
A Dialética Natural (1865) Eugen Dühring
0%
Fenômenos Fundamentais da Existência Humana (1957) Eugen Fink
0%
Epistemologia do Armário (1990) Eve Sedgwick
0%
Teoria Geral do Direito e Marxismo (1924) Evgeni Pachukanis
0%
O Anti-Édipo: Capitalismo e Esquizofrenia (1972) Félix Guattari
0%
Curso de Linguística Geral (1916) Ferdinand de Saussure
0%
A Essência da Constituição (1862) Ferdinand Lassalle
0%
O Romance Está Morrendo? (1983) Ferenc Fehér
0%
Manifesto Futurista (1909) Filippo Marinetti
0%
Escritos Pitagóricos (V a.C) Filolau de Crotona
0%
Questões Sobre o Gênesis (I d.C) Fílon de Alexandria
0%
Sobre o Não-Ser (V a.C) Górgias de Leontinos
0%
Crítica à Razão Dualista (1973) Francisco de Oliveira
0%
Disputas Metafísicas (1597) Francisco Suárez
0%
Autopoiese e Cognição: A Realização do Vivo (1972) Francisco Varela
0%
Um Sistema de Filosofia Moral (1755) Francis Hutcheson
0%
A Mente do Homem Primitivo (1911) Franz Boas
0%
A Lei (1850) Frédéric Bastiat
0%
A Educação Estética do Homem (1794) Friedrich Schiller
0%
Sistema do Idealismo Transcendental (1800) Friedrich von Schelling
0%
Sociologia da Comunicação (1973) Gabriel Cohn
0%
A Classe Dirigente (1896) Gaetano Mosca
0%
Por que a Práxis? (1972) Gajo Petrovic
0%
A Maldita Parte (1949) Georges Bataille
0%
Princípios Fundamentais de Filosofia (1946) Georges Politzer
0%
Reflexões sobre a Violência (1908) Georges Sorel
0%
A Filosofia do Dinheiro (1900) Georg Simmel
0%
A Nova Ciência (1725) Giambattista Vico
0%
A Doutrina do Fascismo (1932) Giovanni Gentile
0%
Os Deveres do Homem (1860) Giuseppe Mazzini
0%
Manifesto dos Iguais (1796) Gracchus Babeuf
0%
A Crise Sexual (1909) Grete Meisel-Hess
0%
O Papel do Indivíduo na História (1898) Gueorgui Plekhanov
0%
A Revolução Sociológica (1958) Guerreiro Ramos
0%
O Espírito do Século XX (1936) Gustavo Barroso
0%
Teologia da Libertação: Perspectivas (1971) Gustavo Gutiérrez
0%
A Sociedade do Espetáculo (1967) Guy Debord
0%
Marxismo e Antropologia (1978) György Márkus
0%
Verdade e Método (1960) Hans-Georg Gadamer
0%
Sociedade na América (1837) Harriet Martineau
0%
Ciência da Cultura e Ciência da Natureza (1889) Heinrich Rickert
0%
A Mulher na Sociedade de Classes (1976) Helleieth Saffioti
0%
A Nova Leitura de Marx (2008) Helmut Reichelt
0%
A Evolução Criadora (1907) Henri Bergson
0%
A Desobediência Civil (1849) Henry David Thoreau
0%
A Teoria da Experiência de Kant (1871) Hermann Cohen
0%
Razão, Verdade e História (1981) Hilary Putnam
0%
Da Moralidade Revolucionária (1958) Ho Chi Minh
0%
Sobre o Direito da Guerra e da Paz (1625) Hugo Grócio
0%
Autopoiese e Cognição: A Realização do Vivo (1972) Humberto Maturana
0%
A Invenção das Ciências Modernas (1993) Isabelle Stengers
0%
Dois Conceitos de Liberdade (1958) Isaiah Berlin
0%
Para Além do Capital (1995) Iztván Mészáros
0%
Discurso sobre a História Universal (1681) Jacques-Benigne Bossuet
0%
A Partilha do Sensível (2000) Jacques Rancière
0%
Sobre os Mistérios dos Egípcios, dos Caldeus e dos Assírios (III d.C) Jâmblico
0%
Filosofia Zoológica (1809) Jean-Baptiste de Lamarck
0%
Simulacros e Simulação (1981) Jean Baudrillard
0%
Os Seis Livros da República (1576) Jean Bodin
0%
Enciclopédia (1751) Jean D'Alembert
0%
A Condição Pós-Moderna (1979) Jean-François Lyotard
0%
A Epistemologia Genética (1950) Jean Piaget
0%
As Origens do Pensamento Grego (1962) Jean-Pierre Vernant
0%
Quando Dizer é Fazer (1962) J.L. Austin
0%
Teoria Materialista do Estado (2010) Joachim Hirsch
0%
Ordinatio (~1300) João Duns Escoto
0%
O Abolicionismo (1883) Joaquim Nabuco
0%
A Transformação da Democracia (1967) Johannes Agnoli
0%
Ontosofia (1656) Johannes Clauberg
0%
Ensaio sobre a Origem da Linguagem (1772) Johann G. Herder
0%
Doutrina da Ciência (1794) Johann Gottlieb Fichte
0%
A Psicologia como o Behaviorista a Vê (1913) John B. Watson
0%
Mudar o Mundo Sem Tomar o Poder (2002) John Holloway
0%
Organizando a Modernidade: Ordenação Social e Teoria Social (1994) John Law
0%
Atos de Fala: Um Ensaio de Filosofia da Linguagem (1969) John Searle
0%
Sermões (1746) John Wesley
0%
Sobre o Domínio Civil (1377) John Wycliffe
0%
Sete Ensaios de Interpretação da Realidade Peruana (1928) José Carlos Mariátegui
0%
O Futuro Ausente (1999) José Chasin
0%
História Natural e Moral das Índias (1590) José de Acosta
0%
Capitalismo e Reificação (1981) José Paulo Netto
0%
O Herói de Mil Faces (1949) Joseph Campbell
0%
Considerações sobre a França (1796) Joseph de Maistre
0%
Sobre as Justas Causas de Guerras contra os Índios (1544) Juan Ginés de Sepúlveda
0%
História da Revolução Francesa (1847~1853) Jules Michelet
0%
Dialética do Concreto (1963) Karel Kosik
0%
Filosofia (1932) Karl Jaspers
0%
Ética e Concepção Materialista da História (1906) Karl Kautsky
0%
Marxismo e Filosofia (1923) Karl Korsch
0%
Em Busca da Sabedoria: Um Roteiro da Filosofia Ocidental (1973) Karl-Otto Apel
0%
A Grande Transformação (1944) Karl Polanyi
0%
Kant e Marx: Uma Contribuição à Filosofia do Socialismo (1911) Karl Vorländer
0%
O Jogo do Mundo (1969) Kostas Axelos
0%
Neocolonialismo: A Última Etapa do Imperialismo (1965) Kwame Nkrumah
0%
Jesus Cristo Libertador (1972) Leonardo Boff
0%
Negritude e Humanismo (1964) Léopold Sédar Senghor
0%
Pensamento e Linguagem (1934) Lev Vygotsky
0%
Ideologia e Aparelhos Ideológicos de Estado (1970) Louis Althusser
0%
A Organização do Trabalho (1838) Louis Blanc
0%
O Deus Oculto (1959) Lucien Goldmann
0%
Escritos Urbanos (2000) Lúcio Kowarick
0%
Teoria Geral dos Sistemas (1968) Ludwig von Bertalanffy
0%
O Verdadeiro Método de Estudar (1746) Luis Antonio Verney
0%
As Redes que a Razão Ignora (1992) Madeleine Akrich
0%
Livro de Shapur (II d.C) Manes
0%
A Antropologia do Gesto (1969) Marcel Jousse
0%
A Tragédia da Injustiça Branca (1927) Marcus Garvey
0%
Ressentimento (2011) Maria Rita Kehl
0%
O Homem e o Divino (1955) María Zambrano
0%
Operários e Capital (1966) Mario Tronti
0%
Realismo Capitalista (2009) Mark Fisher
0%
Cultura e Razão Prática (1976) Marshall Sahlins
0%
Exploradores e Explorados (1972) Marta Harnecker
0%
O Enigma do Dom (1996) Maurice Godelier
0%
Fenomenologia da Percepção (1945) Maurice Merleau-Ponty
0%
Burocracia e Idologia (1974) Maurício Tragtenberg
0%
A Síntese Social (1936) Max Adler
0%
O Único e Sua Propriedade (1844) Max Stirner
0%
Karl Marx e o Nascimento da Sociedade Moderna (2018) Michael Heinrich
0%
Revolta e Melancolia (1992) Michael Löwy
0%
Atuando em um Mundo Incerto (2001) Michel Callon
0%
A Invenção do Cotidiano (1980) Michel de Certeau
0%
O Contrato Natural (1994) Michel Serres
0%
O Sentimento Trágico da Vida (1913) Miguel de Unamuno
0%
Revisão das Bases Filosóficas do Marxismo na URSS (1952) Mihailo Markovic
0%
O Estado e o Socialismo (1981) Mihály Vajda
0%
Problemas da Poética de Dostoiévski (1929) Mikhail Bakhtin
0%
Tempo, Trabalho e Dominação Social (1993) Moishé Postone
0%
Roma e Jerusalém: A Última Questão Nacional (1862) Moses Hess
0%
Sobre a Colonialidade do Ser (2022) Nelson Maldonado-Torres
0%
Ensaio sobre os Fundamentos da Lógica (1980) Newton da Costa
0%
Iluminismo das Trevas (2022) Nick Land
0%
Das Revoluções das Esferas Celestes (1543) Nicolau Copernico
0%
Poder Político e Classes Sociais (1968) Nicos Poulantzas
0%
Tratado de Materialismo Histórico (1921) Nikolai Bukharin
0%
A Sociedade Global (1992) Octávio Ianni
0%
Instituições Políticas Brasileiras (1949) Oliveira Viana
0%
Sobre os Princípios (III d.C) Orígenes de Alexandria
0%
O Declínio do Ocidente (1918) Oswald Spengler
0%
Pensamento Feminista Negro (1990) Patricia Hill Collins
0%
Contra o Método (1975) Paul Feyerabend
0%
Pedagogia Social (1898) Paul Natorp
0%
O Novo Tempo do Mundo (2014) Paulo Arantes
0%
Manifesto Contrassexual (2000) Paul Preciado
0%
Tempo e Narrativa (1985) Paul Ricoeur
0%
As Origens da Pós-Modernidade (1998) Perry Anderson
0%
Para Além da Natureza e Cultura (2005) Philippe Descola
0%
A Sociedade contra o Estado (1974) Pierre Clastres
0%
Ensaio Filosófico sobre as Probabilidades (1814) Pierre-Simon Laplace
0%
A Conquista do Pão (1892) Piotr Kropotkin
0%
História Natural (I d.C) Plínio, o Velho
0%
Morália (I d.C) Plutarco
0%
Contra os Cristãos (III d.C) Porfírio de Tiro
0%
Histórias (II a.C) Posidônio de Apameia
0%
Elementos de Teologia (V d.C) Proclo
0%
A Filosofia como Atividade Permanente do Espírito Humano (1895) Raimundo de Farias Brito
0%
Classes e Conflito de Classes na Sociedade Industrial (1959) Ralf Dahrendorf
0%
O Estado na Sociedade Capitalista (1969) Ralph Miliband
0%
Sobre o Uso Capitalista das Máquinas no Neocapitalismo (1961) Raniero Panzieli
0%
Cultura e Sociedade (1958) Raymond Williams
0%
Os Donos do Poder (1958) Raymundo Faoro
0%
Futuro Passado: Contribuição à Semântica dos Tempos Históricos (1979) Reinhart Koselleck
0%
A Crise do Mundo Moderno (1927) René Guénon
0%
Os Sentidos do Trabalho (1999) Ricardo Antunes
0%
A Linguagem da Moral (1952) Richard Hare
0%
Os Usos da Cultura (1957) Richard Hoggart
0%
As Estruturas Elementares da Violência (2003) Rita Segato
0%
Patriarcha ou O Poder Natural dos Reis (1680) Robert Filmer
0%
Tratado Sobre a Luz (1225) Robert Grosseteste
0%
Anarquia, Estado e Utopia (1974) Robert Nozick
0%
Conhecimento e Política (1978) Roberto Mangabeira Unger
0%
A Morte do Autor (1967) Roland Barthes
0%
O Império do Direito (1986) Ronald Dworkin
0%
A Construção Lógica do Mundo (1928) Rudolf Carnap
0%
Microcosmo (1864) Rudolf Lotze
0%
A Teoria da Justiça (1925) Rudolf Stammler
0%
A Mentalidade Conservadora (1953) Russell Kirk
0%
O Nomear e a Necessidade (1980) Saul Kripke
0%
Esboços Pirronianos (II a.C) Sexto Empírico
0%
Sexualidade e Socialismo (2022) Sherry Wolf
0%
Racismo Estrutural (2019) Silvio de Almeida
0%
O Peso e a Garça (1947) Simone Weil
0%
O Sublime Objeto da Ideologia (1989) Slavoj Zizek
0%
A Identidade Cultural na Pós-Modernidade (1992) Stuart Hall
0%
A Estrutura da Ação Social (1937) Talcott Parsons
0%
O Sonho da Terra (1988) Thomas Berry
0%
Senso Comum (1776) Thomas Paine
0%
Inquérito sobre o Entendimento Humano (1764) Thomas Reid
0%
A Percepção do Meio Ambiente (2000) Tim Ingold
0%
Teoria da Reprodução Social (2017) Tithi Bhattacharya
0%
A Cidade do Sol (1602) Tommaso Campanella
0%
A Invenção da América (1982) Tzvetan Todorov
0%
Manifesto da Democracia (1843) Victor Considerant
0%
A Paixão do Negativo (2006) Vladimir Safatle
0%
A Ideia de América Latina: A Ferida Colonial e a Opção Decolonial (2002) Walter Mignolo
0%
Marxismo Aberto (1992) Werner Bonefeld
0%
Introdução às Ciências do Espírito (1883) Wilhelm Dilthey
0%
História da Filosofia (1892) Wilhelm Windelband
0%
O Evangelho do Pobre Pecador (1845) Willhelm Weitling
0%
Psicologia de Massas do Fascismo (1933) William Reich
0%
Inteligência e Realidade (1980) Xavier Zubiri
0%
Nenhum quiz correspondente encontrado
Distribuição das Pontuações
Porcentagem de Pessoas com Cada Pontuação
Percentil de Números Respondidos
Sua Pontuação Histórica
Você não jogou esse quiz desde o último reset